Paroles - Gardien de nuit - Francis Cabrel - Statistiques

Statistiques générales
  • Ce quiz a été pris 362 fois
  • Le résultat moyen est 242 sur 279
Statistiques - réponses
Réponse % Correct
la
99%
La
99%
le
99%
Le
99%
Je
98%
je
98%
les
97%
de
96%
ma
94%
tête
94%
dans
93%
garde
93%
sur
93%
Sur
93%
un
93%
Gardien
92%
gardien
92%
mon
92%
nuit
92%
froid
91%
c'est
90%
C'est
90%
pieds
89%
terre
89%
froide
88%
Jusque
88%
lit
88%
revolver
88%
suis
88%
baignoire
87%
Plus
87%
plus
87%
pyjama
87%
gris
86%
Sous
86%
épaules
85%
œil
85%
ouvert
85%
Quand
85%
regard
85%
une
84%
baignoire
83%
contrôle
83%
l'écran
83%
par
83%
compliqué
82%
Mais
82%
militaire
82%
que
82%
toujours
82%
zoo
82%
finit
81%
pas
81%
Et
80%
veste
80%
arrivé
78%
jour
76%
pingouins
75%
pour
75%
droit
73%
Du
73%
s'échapper
73%
tout
73%
au
72%
beaucoup
72%
mains
72%
méfiance
72%
Rien
72%
s'barrent
72%
ses
72%
souvent
72%
buste
71%
but
71%
poches
71%
fastoche
70%
trop
69%
dimanche
68%
lundi
67%
Suffit
67%
l'univers
66%
cœur
64%
pierre
63%
peinard
56%
d'enlever
55%
Aucun quiz correspondant
Distribution des résultats
% des personnes avec chaque résultat
Percentile par nombre de réponses
Votre historique - résultats
Vous n’avez pas pris ce quiz